000 00403nam a2200133Ia 4500
008 191111s9999 xx 000 0 und d
020 _a9789719809364
100 _aWani-Obias, Rhodalyn.
245 _cRhodalyn Wani-Obias.--
_aThe Life and works of jose rizal /
260 _aQuezon City :
_bC & E Publishing, Inc.
_c2018
300 _aviii, 181 pages.
650 _aNationalists
650 _aPhilippines
999 _c362674
_d362674